[Event "PRO League Group Stage"]
[Site "chess.com INT"]
[Date "2018.02.14"]
[Round "6"]
[White "Stefansson, Hannes"]
[Black "Perez, Flavio"]
[Result "1/2-1/2"]
[WhiteTitle "GM"]
[BlackTitle "FM"]
[WhiteElo "2523"]
[BlackElo "2279"]
[WhiteTeam "Reykjavik Puffins"]
[BlackTeam "Cannes Blockbusters"]
[WhiteFideId "2300087"]
[BlackFideId "623911"]
[EventDate "2018.01.18"]

1. e4 c5 2. Nf3 e6 3. d4 cxd4 4. Nxd4 Nc6 5. Nc3 Qc7 6. Be3 a6 7. a3 Nf6 8. f4
d6 9. Qf3 Be7 10. O-O-O O-O 11. h3 Nxd4 12. Bxd4 b5 13. g4 e5 14. Bf2 Bb7 15. g5
Nd7 16. h4 exf4 17. Qxf4 Ne5 18. h5 f5 19. gxf6 Bxf6 20. Qg3 h6 21. Bh3 Rae8 22.
Bd4 Nc4 23. Bxf6 Rxf6 24. Rhe1 Qa5 25. Nd5 Rf7 26. Rg1 Bxd5 27. exd5 Re3 28. Qg4
Qc7 29. Rdf1 Ree7 30. Rxf7 Rxf7 31. Qe4 Kf8 32. Be6 Qc5 33. Qg6 Ne5 34. Qg3 Rc7
35. Rf1+ Ke8 36. Qg2 Qe3+ 37. Kb1 a5 38. Rf2 b4 39. Re2 Qd4 40. axb4 axb4 41.
Qe4 Qd1+ 42. Ka2 b3+ 43. Kxb3 Rb7+ 44. Kc3 Rc7+ 45. Kb3 Rb7+ 46. Kc3 Rc7+ 47.
Kb3 1/2-1/2

[Event "PRO League Group Stage"]
[Site "chess.com INT"]
[Date "2018.02.14"]
[Round "6"]
[White "Skuhala, Luka"]
[Black "Van Wely, Loek"]
[Result "0-1"]
[BlackTitle "GM"]
[WhiteElo "2059"]
[BlackElo "2656"]
[WhiteTeam "Ljubljana Turtles"]
[BlackTeam "Amsterdam Mosquitoes"]
[WhiteFideId "14605678"]
[BlackFideId "1000268"]
[EventDate "2018.01.18"]

1. e4 c5 2. Nf3 e6 3. d4 cxd4 4. Nxd4 Nc6 5. Nc3 d6 6. g4 Nge7 7. f3 a6 8. Be3
b5 9. Qd2 Nxd4 10. Qxd4 Nc6 11. Qd2 Bb7 12. Bg2 Ne5 13. b3 Rc8 14. Ne2 d5 15.
exd5 Qxd5 16. Qxd5 Bxd5 17. O-O Rxc2 18. Nf4 Bb7 19. Rfc1 Rxc1+ 20. Rxc1 Bd6 21.
Bc5 Ke7 22. Bxd6+ Kxd6 23. Kf2 g5 24. Rd1+ Ke7 25. Ne2 Rc8 26. Nd4 Rc3 27. h3
Nd3+ 28. Kg3 Nf4 29. Rd2 Kf6 30. Rf2 e5 31. Nf5 e4 32. Nd6 e3 33. Rf1 Rc2 34.
Bh1 Bc6 35. Re1 e2 36. h4 h6 37. hxg5+ hxg5 0-1

[Event "PRO League Group Stage"]
[Site "chess.com INT"]
[Date "2018.02.14"]
[Round "6"]
[White "Skuhala, Luka"]
[Black "Ducarmon, Quinten"]
[Result "1-0"]
[BlackTitle "IM"]
[WhiteElo "2059"]
[BlackElo "2472"]
[WhiteTeam "Ljubljana Turtles"]
[BlackTeam "Amsterdam Mosquitoes"]
[WhiteFideId "14605678"]
[BlackFideId "1025007"]
[EventDate "2018.01.18"]

1. e4 c6 2. d4 d5 3. f3 Qb6 4. Nc3 dxe4 5. fxe4 e5 6. Nf3 exd4 7. Qxd4 Qxd4 8.
Nxd4 Bc5 9. Nf5 g6 10. Be3 Bxe3 11. Nxe3 Be6 12. Bc4 Nd7 13. Bxe6 fxe6 14. Nc4
b5 15. Na5 Ne5 16. O-O-O Nf6 17. a3 Ke7 18. Nb7 Rhb8 19. Nc5 a5 20. Nb1 Rd8 21.
Nd2 Nfg4 22. Rde1 a4 23. h3 Nf6 24. Nf3 Nxf3 25. gxf3 Nh5 26. Re3 Nf4 27. Nd3
Nxd3+ 28. cxd3 e5 29. Kd2 Rf8 30. Rc1 Kd6 31. Ke2 Rab8 32. Kf2 b4 33. Rc4 Rb6
34. d4 exd4 35. Rxd4+ Ke5 36. Rc4 Rfb8 37. axb4 Rxb4 38. Rxc6 Rxb2+ 39. Kg3 R8b3
40. Re1 Rb1 41. Rxb1 Rxb1 42. Rc4 a3 43. Ra4 Rb3 44. Ra5+ Kd4 45. e5 Kc4 46. e6
Kb4 47. Re5 a2 48. e7 a1=Q 49. e8=Q Qg1+ 50. Kf4 Qc1+ 51. Kg4 h5+ 52. Kg3 h4+
53. Kg4 Qg1+ 54. Kxh4 Qf2+ 55. Kg5 Qg3+ 56. Kh6 Qxh3+ 57. Kg7 Ka3 58. Qa8+ Kb2
59. Re2+ Kc3 60. Qc6+ Kb4 61. Qb6+ Kc4 62. Re4+ Kc3 63. Qc5+ Kd2 64. Qf2+ Kc3
65. Qd4+ Kc2 66. Re2+ Kc1 67. Qd2+ Kb1 68. Re1# 1-0

[Event "PRO League Group Stage"]
[Site "chess.com INT"]
[Date "2018.02.14"]
[Round "6"]
[White "Mikhalevski, Victor"]
[Black "Vazquez, Guillermo"]
[Result "1/2-1/2"]
[WhiteTitle "GM"]
[BlackTitle "IM"]
[WhiteElo "2538"]
[BlackElo "2436"]
[WhiteTeam "Seattle Sluggers"]
[BlackTeam "Rio Grande Ospreys"]
[WhiteFideId "2801914"]
[BlackFideId "3702308"]
[EventDate "2018.01.18"]

1. d4 Nf6 2. Nf3 e6 3. c4 d5 4. g3 dxc4 5. Bg2 Nc6 6. O-O Rb8 7. Nc3 b5 8. Ne5
Nxe5 9. dxe5 Nd7 10. Bc6 a6 11. a4 b4 12. Ne4 Rb6 13. Bg5 Be7 14. Bxd7+ Bxd7 15.
Bxe7 Qxe7 16. Qd4 Bc6 17. Nd6+ cxd6 18. Qxb6 Qb7 19. Qxb7 Bxb7 20. exd6 Kd7 21.
Rac1 Rc8 22. Rfd1 f5 23. Rd4 Bd5 24. b3 Kxd6 25. bxc4 Ke5 26. e3 b3 27. f3 Bxf3
28. Rb1 Rb8 29. Rd3 Rb4 30. Rdxb3 Rxc4 31. Rb4 Rc2 32. R1b2 Rc1+ 33. Kf2 Bd5 34.
Rh4 h6 35. Rb6 Rc2+ 36. Ke1 g5 37. Rxh6 Ke4 38. Rhxe6+ Bxe6 39. Rxe6+ Kf3 40.
Re5 Rxh2 41. Rxf5+ Kxg3 42. Rxg5+ Kf3 43. Re5 Re2+ 44. Kd1 Rxe3 45. Rf5+ Ke4 46.
Ra5 Kd4 47. Rxa6 Kc5 48. Kc2 Kb4 49. Kb2 Rb3+ 50. Kc2 Rc3+ 51. Kb2 Rb3+ 52. Kc2
Rc3+ 53. Kb2 Rb3+ 54. Kc2 1/2-1/2

[Event "PRO League Group Stage"]
[Site "chess.com INT"]
[Date "2018.02.14"]
[Round "6"]
[White "Xu, Xiangyu"]
[Black "Ravuri, Vinesh"]
[Result "1-0"]
[WhiteTitle "GM"]
[WhiteElo "2545"]
[BlackElo "1990"]
[WhiteTeam "Chengdu Pandas"]
[BlackTeam "San Jose Hackers"]
[WhiteFideId "8608288"]
[BlackFideId "45042632"]
[EventDate "2018.01.18"]

1. d4 Nf6 2. c4 g6 3. Nc3 Bg7 4. e4 d6 5. Be2 O-O 6. Bg5 c5 7. d5 e6 8. Nf3 exd5
9. exd5 Qb6 10. Qd2 Bf5 11. O-O Ne4 12. Nxe4 Bxe4 13. Bh6 Bxf3 14. Bxf3 Nd7 15.
Bxg7 Kxg7 16. Qc3+ Kg8 17. Bg4 Ne5 18. Be2 Rae8 19. Rae1 f5 20. a3 f4 21. Bd1
Qd8 22. Re4 Qg5 23. f3 Rf5 24. b4 b6 25. bxc5 bxc5 26. Bc2 Qh6 27. Qd2 Ref8 28.
g4 R5f6 29. Qf2 g5 30. Kg2 Qg7 31. Rb1 h5 32. h3 hxg4 33. hxg4 Rh6 34. Rh1 Nxg4
35. Rxh6 Nxh6 36. Re6 Nf5 37. Bxf5 Rxf5 38. Rxd6 g4 39. Rd8+ Rf8 40. Rxf8+ Qxf8
41. fxg4 Qf6 42. Qxc5 Qb2+ 43. Kf3 Qc3+ 44. Kxf4 Qc1+ 45. Kf5 Qc2+ 46. Ke6 Qe2+
47. Kd7 Qxg4+ 48. Kc7 Qg7+ 49. Kb8 a6 50. Qc8+ 1-0

[Event "PRO League Group Stage"]
[Site "chess.com INT"]
[Date "2018.02.14"]
[Round "6"]
[White "Xiao, Junyuan"]
[Black "Mamedyarov, Shakhriyar"]
[Result "1-0"]
[BlackTitle "GM"]
[WhiteElo "2077"]
[BlackElo "2804"]
[WhiteTeam "Chengdu Pandas"]
[BlackTeam "San Jose Hackers"]
[WhiteFideId "8609160"]
[BlackFideId "13401319"]
[EventDate "2018.01.18"]

1. Nf3 Nf6 2. d4 e6 3. c4 b6 4. Bf4 Bb7 5. a3 d6 6. Nc3 Nbd7 7. e3 g6 8. Bd3 Bg7
9. O-O O-O 10. e4 Re8 11. Be3 c5 12. d5 a6 13. dxe6 Rxe6 14. h3 h6 15. Qc2 b5
16. Rfe1 Rc8 17. Rad1 Qe8 18. Bf4 Nb6 19. b3 Bc6 20. Rb1 g5 21. Bh2 Nh5 22. Nd5
Nd7 23. Qd2 Qd8 24. Rbd1 Rb8 25. Bc2 bxc4 26. bxc4 Rb2 27. Qd3 Qa5 28. Bxd6 Nf4
29. Bxf4 gxf4 30. e5 Nf8 31. Qf5 Bd7 32. Bb1 Qxa3 33. Qxf4 Ba4 34. Rc1 Ng6 35.
Bxg6 fxg6 36. Nf6+ Kh8 37. Qg4 Rbb6 38. Nh4 Bxf6 39. Nxg6+ Kg7 40. exf6+ Kxf6
41. Nf4 Rxe1+ 42. Rxe1 Bc2 43. Nd5+ 1-0

[Event "PRO League Group Stage"]
[Site "chess.com INT"]
[Date "2018.02.14"]
[Round "6"]
[White "Xiao, Junyuan"]
[Black "Izoria, Zviad"]
[Result "0-1"]
[BlackTitle "GM"]
[WhiteElo "2077"]
[BlackElo "2599"]
[WhiteTeam "Chengdu Pandas"]
[BlackTeam "San Jose Hackers"]
[WhiteFideId "8609160"]
[BlackFideId "13601733"]
[EventDate "2018.01.18"]

1. e4 c5 2. Nf3 d6 3. c3 Nf6 4. Bd3 Nc6 5. O-O Bg4 6. Bc2 e6 7. h3 Bh5 8. d3 d5
9. Re1 Qc7 10. exd5 Nxd5 11. Ba4 Bd6 12. Na3 a6 13. Bxc6+ Qxc6 14. Nc4 Bc7 15.
g4 Bg6 16. Nfe5 Bxe5 17. Nxe5 Qd6 18. Bf4 Qe7 19. Bg3 O-O 20. Qe2 Rfe8 21. Rad1
b5 22. a3 f6 23. Nxg6 hxg6 24. c4 Nb6 25. f4 Rad8 26. b3 Kf7 27. Bf2 Qc7 28. Qf3
Nd7 29. Kg2 Rb8 30. cxb5 axb5 31. Rc1 Qd6 32. b4 Rec8 33. bxc5 Nxc5 34. d4 Nd7
35. f5 gxf5 36. gxf5 e5 37. Red1 Rxc1 38. Rxc1 exd4 39. Qb3+ Kf8 40. Re1 Qc6+
41. Qf3 Qxf3+ 42. Kxf3 Ne5+ 43. Ke4 d3 44. Rd1 Ra8 45. Bd4 Ra4 46. Kd5 Rxa3 47.
Bc5+ Kg8 48. Bxa3 Nc4 49. Bb4 Ne3+ 50. Ke4 Nxd1 51. Kxd3 Nf2+ 52. Kd4 Nxh3 53.
Kc5 Ng5 54. Kxb5 Nf3 55. Bc3 Kf7 56. Kc4 Nh4 57. Kd5 Nxf5 58. Ke4 Ne7 59. Kf3
Ke6 60. Be1 Kf5 0-1

[Event "PRO League Group Stage"]
[Site "chess.com INT"]
[Date "2018.02.24"]
[Round "7"]
[White "Puranik, Abhimanyu"]
[Black "Margvelashvili, Giorgi"]
[Result "0-1"]
[WhiteTitle "GM"]
[BlackTitle "GM"]
[WhiteElo "2520"]
[BlackElo "2530"]
[WhiteTeam "Mumbai Movers"]
[BlackTeam "Seattle Sluggers"]
[WhiteFideId "5061245"]
[BlackFideId "13602926"]
[EventDate "2018.01.18"]

1. e4 c6 2. d4 d5 3. Nd2 dxe4 4. Nxe4 Bf5 5. Ng3 Bg6 6. Nf3 Nd7 7. h4 h6 8. h5
Bh7 9. Bd3 Bxd3 10. Qxd3 e6 11. Bd2 Qc7 12. O-O-O Ngf6 13. Kb1 Bd6 14. Ne4 Nxe4
15. Qxe4 Nf6 16. Qe2 O-O-O 17. c4 c5 18. Bc3 cxd4 19. Nxd4 a6 20. Nf3 Qc6 21.
Rde1 Rd7 22. g3 Rhd8 23. Bxf6 gxf6 24. Nd4 Qc5 25. Nb3 Qf5+ 26. Qc2 Qxc2+ 27.
Kxc2 f5 28. Rd1 Kc7 29. Rh4 Be5 30. Rxd7+ Rxd7 31. Nc5 Rd8 32. Nd3 Bf6 33. Rf4
Rg8 34. Ne1 Kd6 35. b3 a5 36. a3 Kc6 37. Nd3 Rg5 38. Rh4 Rg8 39. Rh1 Rg4 40. a4
Bd4 41. Rh3 e5 42. Rh2 e4 43. Nf4 Be5 44. Nd5 f4 45. gxf4 Bxf4 46. Nf6 Rg1 47.
Rh3 Rc1+ 48. Kb2 Re1 49. Kc2 Bg5 50. Nh7 Bf4 51. Rh4 Re2+ 52. Kd1 Rxf2 53. Ke1
e3 54. Rg4 f5 55. Rg6+ Kc5 56. Nf6 Bg5 57. Nd5 Rh2 58. Nc3 f4 59. Ne4+ Kd4 60.
Nd6 Bh4+ 0-1

[Event "PRO League Group Stage"]
[Site "chess.com INT"]
[Date "2018.02.24"]
[Round "7"]
[White "Puranik, Abhimanyu"]
[Black "Perez, Maximiliano"]
[Result "1-0"]
[WhiteTitle "GM"]
[BlackTitle "IM"]
[WhiteElo "2520"]
[BlackElo "2399"]
[WhiteTeam "Mumbai Movers"]
[BlackTeam "Buenos Aires Krakens"]
[WhiteFideId "5061245"]
[BlackFideId "117234"]
[EventDate "2018.01.18"]

1. e4 c5 2. Nf3 d6 3. d4 cxd4 4. Nxd4 Nf6 5. Nc3 a6 6. h3 e5 7. Nb3 Be6 8. Bg5
Be7 9. Qd2 Nbd7 10. g4 b5 11. Bg2 b4 12. Ne2 a5 13. Ng3 a4 14. Nc1 Nc5 15. Nd3
Nxd3+ 16. cxd3 b3 17. axb3 axb3 18. O-O O-O 19. Nf5 Ra2 20. Nxe7+ Qxe7 21. d4 h6
22. Be3 Rfa8 23. Rac1 R2a4 24. Rfd1 Qb7 25. Qd3 Ra2 26. Rd2 Ra1 27. Rxa1 Rxa1+
28. Kh2 d5 29. dxe5 Nxe4 30. Rd1 Ra2 31. Bd4 Qb4 32. Rc1 Qd2 33. Qxd2 Nxd2 34.
f4 g6 35. Rd1 Nc4 36. Rd3 Nxb2 37. Rxb3 Nc4 38. Kg3 Rd2 39. Bf2 d4 40. Be4 Nb2
41. Rb8+ Kg7 42. f5 Bc4 43. fxg6 fxg6 44. Rb7+ Kg8 45. Bxg6 d3 46. Be3 Re2 47.
Bxh6 Kh8 48. Bg5 Rg2+ 49. Kh4 Rf2 50. Bf6+ Rxf6 51. exf6 d2 52. Rb8+ 1-0

[Event "PRO League Group Stage"]
[Site "chess.com INT"]
[Date "2018.02.24"]
[Round "7"]
[White "Puranik, Abhimanyu"]
[Black "Brattain, Mika"]
[Result "1/2-1/2"]
[WhiteTitle "GM"]
[WhiteElo "2520"]
[BlackElo "2404"]
[WhiteTeam "Mumbai Movers"]
[BlackTeam "Pittsburgh Pawngrabbers"]
[WhiteFideId "5061245"]
[BlackFideId "2071142"]
[EventDate "2018.01.18"]

1. e4 e5 2. Nf3 Nc6 3. Bb5 a6 4. Ba4 Nf6 5. O-O b5 6. Bb3 Bc5 7. c3 d6 8. a4 Rb8
9. d4 Bb6 10. axb5 axb5 11. Qd3 O-O 12. Bg5 Bg4 13. Bd5 Ne7 14. dxe5 Nfxd5 15.
exd5 Bxf3 16. exd6 Qxd6 17. Bxe7 Qxe7 18. Qxf3 Rbd8 19. Na3 Qc5 20. Rad1 b4 21.
cxb4 Qxb4 22. Qc3 Qe4 23. Qc2 Rfe8 24. Rd2 g6 25. g3 Qf3 26. Qc3 Qf5 27. Rfd1
Re5 28. Qd3 Qh3 29. Qf3 Rde8 30. Nc2 Ba5 31. Rd4 Rh5 32. Qg2 Qxg2+ 33. Kxg2 Re2
34. Ne3 Rxb2 35. Nc4 Ra2 36. Nxa5 Rxa5 37. h4 Re5 38. Rc4 Rexd5 39. Rxd5 Rxd5
40. Rxc7 h5 41. Kf3 Kg7 42. Kg2 Rf5 43. Rb7 Rf6 44. Rc7 Re6 45. Rb7 Rf6 46. Re7
Rf5 47. Rd7 Rf6 48. Rc7 Re6 49. Rd7 Rf6 1/2-1/2

[Event "PRO League Group Stage"]
[Site "chess.com INT"]
[Date "2018.02.24"]
[Round "7"]
[White "Puranik, Abhimanyu"]
[Black "Cornejo, Max"]
[Result "1-0"]
[WhiteTitle "GM"]
[BlackTitle "IM"]
[WhiteElo "2520"]
[BlackElo "2421"]
[WhiteTeam "Mumbai Movers"]
[BlackTeam "Rio Grande Ospreys"]
[WhiteFideId "5061245"]
[BlackFideId "3801950"]
[EventDate "2018.01.18"]

1. e4 c5 2. Nf3 Nc6 3. d4 cxd4 4. Nxd4 g6 5. c4 Nf6 6. Nc3 Nxd4 7. Qxd4 d6 8.
Be2 Bg7 9. Be3 O-O 10. Qd2 Ng4 11. Bxg4 Bxg4 12. Bd4 Be6 13. O-O Qa5 14. b3 Rfc8
15. Bxg7 Kxg7 16. f4 a6 17. f5 Bd7 18. Qd4+ Qe5 19. Qxe5+ dxe5 20. Nd5 Rd8 21.
Nxe7 Bc6 22. Nd5 Rac8 23. Rad1 Bxd5 24. Rxd5 Rxd5 25. exd5 gxf5 26. Rxf5 f6 27.
Rf1 b5 28. Rc1 bxc4 29. bxc4 Rc5 30. Kf2 f5 31. Ke3 Kf6 32. Kd3 Ke7 33. Rb1 Ra5
34. Rb7+ Kd6 35. Rb6+ Kd7 36. Rh6 Ra3+ 37. Kc2 Rxa2+ 38. Kc3 Rxg2 39. c5 Rg7 40.
Rxa6 Kc8 41. c6 Rg6 42. Kc4 f4 43. Kc5 f3 44. Ra8+ Kc7 45. d6+ Rxd6 46. Ra7+ Kb8
47. Rb7+ Kc8 48. Kxd6 f2 49. Rf7 1-0

[Event "PRO League Group Stage"]
[Site "chess.com INT"]
[Date "2018.02.24"]
[Round "7"]
[White "Bykhovsky, Anatoly"]
[Black "Puranik, Abhimanyu"]
[Result "1/2-1/2"]
[WhiteTitle "GM"]
[BlackTitle "GM"]
[WhiteElo "2496"]
[BlackElo "2520"]
[WhiteTeam "Montclair Sopranos"]
[BlackTeam "Mumbai Movers"]
[WhiteFideId "2806991"]
[BlackFideId "5061245"]
[EventDate "2018.01.18"]

1. d4 Nf6 2. c4 g6 3. Nc3 d5 4. Nf3 Bg7 5. cxd5 Nxd5 6. e4 Nxc3 7. bxc3 c5 8.
Rb1 O-O 9. Be2 cxd4 10. cxd4 Qa5+ 11. Bd2 Qxa2 12. O-O Bg4 13. Bg5 h6 14. Be3
Nc6 15. d5 Na5 16. Bc5 b6 17. Bxe7 Rfe8 18. d6 Nc6 19. Bb5 Nxe7 20. Bxe8 Rxe8
21. dxe7 Qa3 22. h3 Bc8 23. Re1 Bb7 24. e5 Qxe7 25. Rb3 Qe6 26. Rd3 Bf8 27. Nd4
Qd5 28. Nf3 Qe6 29. Nd4 Qd5 30. Nf3 Qe6 31. Nd4 Qd5 32. Nf3 Qe6 1/2-1/2

[Event "PRO League Group Stage"]
[Site "chess.com INT"]
[Date "2018.02.24"]
[Round "7"]
[White "Bykhovsky, Anatoly"]
[Black "Cornette, Deimante"]
[Result "1-0"]
[WhiteTitle "GM"]
[BlackTitle "IM"]
[WhiteElo "2496"]
[BlackElo "2439"]
[WhiteTeam "Montclair Sopranos"]
[BlackTeam "Cannes Blockbusters"]
[WhiteFideId "2806991"]
[BlackFideId "12802859"]
[EventDate "2018.01.18"]

1. d4 d5 2. c4 e6 3. Nc3 Bb4 4. Nf3 Nf6 5. cxd5 exd5 6. Bg5 h6 7. Bh4 O-O 8. e3
Bf5 9. Bd3 Bxd3 10. Qxd3 c6 11. O-O Nbd7 12. a3 Bd6 13. b4 a6 14. Rab1 Qe7 15.
Rfe1 Rfe8 16. e4 g5 17. exd5 Qf8 18. dxc6 bxc6 19. Bg3 Bxg3 20. hxg3 Qd6 21. Qc4
Nb6 22. Qc5 Qc7 23. Rbc1 Nbd7 24. Qf5 Qd6 25. Ne5 Qxd4 26. Nxd7 Rxe1+ 27. Rxe1
Nxd7 28. Re7 Qf6 29. Qxd7 Qxc3 30. Rxf7 Rf8 31. Re7 Qf6 32. f3 h5 33. Re6 Rd8
34. Rxf6 Rxd7 35. Rxc6 Kf7 36. Rxa6 Rd2 37. Kh2 Ra2 38. b5 Ke7 39. a4 Kd7 40. a5
Kc7 41. Rc6+ Kb7 42. a6+ Kb8 43. Rg6 g4 44. f4 Rb2 45. Rg5 Ka7 46. Rxh5 Kb6 47.
Rh7 Ra2 48. Rb7+ Kc5 49. a7 Kd6 50. b6 Kd5 51. Rb8 Kd4 52. a8=Q 1-0

[Event "PRO League Group Stage"]
[Site "chess.com INT"]
[Date "2018.02.24"]
[Round "7"]
[White "Bykhovsky, Anatoly"]
[Black "Grigoryan, Karen H."]
[Result "1-0"]
[WhiteTitle "GM"]
[BlackTitle "GM"]
[WhiteElo "2496"]
[BlackElo "2581"]
[WhiteTeam "Montclair Sopranos"]
[BlackTeam "Armenia Eagles"]
[WhiteFideId "2806991"]
[BlackFideId "13301004"]
[EventDate "2018.01.18"]

1. d4 Nf6 2. c4 c5 3. d5 e6 4. Nc3 exd5 5. cxd5 d6 6. Nf3 g6 7. Bf4 a6 8. a4 Bg7
9. h3 O-O 10. e3 Qe7 11. Nd2 Nbd7 12. Be2 Rb8 13. O-O Ne8 14. Re1 f5 15. Bf1 Ne5
16. Bh2 g5 17. Kh1 f4 18. exf4 gxf4 19. Nf3 Bd7 20. Ne4 Nxf3 21. Qxf3 Qh4 22. a5
Rc8 23. Qb3 Rc7 24. Qb6 Be5 25. Nd2 Qd8 26. Nc4 Bd4 27. f3 Bb5 28. Re6 Rd7 29.
Rae1 Bxc4 30. Qxd8 Rxd8 31. Bxc4 Bxb2 32. Rb1 Bc3 33. Rxb7 Bxa5 34. Bd3 Nc7 35.
Re7 Rf7 36. Rxf7 Kxf7 37. Bxf4 Kf6 38. Be4 c4 39. g4 c3 40. g5+ Kg7 41. h4 Kg8
42. h5 Rf8 43. Bxd6 Rc8 44. Be5 Kf8 45. h6 Ne8 46. g6 c2 47. Bxc2 Rxc2 48. gxh7 1-0

[Event "PRO League Group Stage"]
[Site "chess.com INT"]
[Date "2018.02.24"]
[Round "7"]
[White "Bykhovsky, Anatoly"]
[Black "Sebenik, Matej"]
[Result "1/2-1/2"]
[WhiteTitle "GM"]
[BlackTitle "GM"]
[WhiteElo "2496"]
[BlackElo "2551"]
[WhiteTeam "Montclair Sopranos"]
[BlackTeam "Ljubljana Turtles"]
[WhiteFideId "2806991"]
[BlackFideId "14602296"]
[EventDate "2018.01.18"]

1. d4 Nf6 2. c4 e6 3. Nf3 d5 4. Nc3 Be7 5. Bg5 h6 6. Bh4 O-O 7. e3 b6 8. Rc1 Bb7
9. Bxf6 Bxf6 10. cxd5 exd5 11. b4 c6 12. Be2 Nd7 13. O-O a5 14. b5 c5 15. dxc5
Nxc5 16. Nd4 Rc8 17. Bf3 Re8 18. g3 Ne4 19. Nxe4 dxe4 20. Rxc8 Qxc8 21. Bg4 Qc4
22. Bd7 Re5 23. Qg4 Rg5 24. Qe2 Qxe2 25. Nxe2 Rd5 26. Be8 Kf8 27. Bc6 Bxc6 28.
bxc6 Rc5 29. Rb1 Rxc6 30. Nf4 Rc2 31. Rxb6 Rxa2 32. Nd5 Be5 33. Ra6 Ke8 34. Ra7
Bd6 35. g4 Ra1+ 36. Kg2 a4 37. Nc3 a3 38. Nxe4 Be7 39. Nc3 Bb4 40. Nd5 Bc5 41.
Ra5 Bd6 42. f4 Kd7 43. Kf3 Kc6 44. e4 Rh1 45. Ra6+ Kb7 46. Ra5 Rxh2 47. e5 Bf8
48. f5 Kc6 49. Ke4 Re2+ 50. Kd4 Rd2+ 51. Ke4 a2 52. Ra6+ Kb5 53. Rxa2 Rxa2 54.
Nc3+ Kc4 55. Nxa2 Ba3 56. e6 fxe6 57. fxe6 Kb3 58. Nc1+ Kc4 59. Nd3 Kb5 60. Kd5
Kb6 61. Nf4 Kc7 62. Nh5 g6 63. Nf4 h5 64. g5 Be7 65. Nxg6 Bxg5 66. Ke5 h4 67.
Nxh4 Bxh4 68. e7 Bxe7 1/2-1/2

[Event "PRO League Group Stage"]
[Site "chess.com INT"]
[Date "2018.02.24"]
[Round "7"]
[White "Summerscale, Aaron P"]
[Black "Abrahamyan, Tatev"]
[Result "1/2-1/2"]
[WhiteTitle "GM"]
[BlackTitle "WGM"]
[WhiteElo "2395"]
[BlackElo "2332"]
[WhiteTeam "London Towers"]
[BlackTeam "San Diego Surfers"]
[WhiteFideId "400980"]
[BlackFideId "13301918"]
[EventDate "2018.01.18"]

1. d4 Nf6 2. Nf3 e6 3. Bf4 b6 4. e3 Bb7 5. Nbd2 c5 6. c3 cxd4 7. cxd4 Be7 8. Bd3
O-O 9. h3 d6 10. O-O a6 11. Qe2 Nbd7 12. Bh2 Re8 13. Rfc1 b5 14. a4 bxa4 15.
Rxa4 Nb6 16. Raa1 a5 17. Bb5 Nfd7 18. Bc6 Qb8 19. Qb5 Bxc6 20. Rxc6 Nd5 21. Qxb8
Nxb8 22. Rcc1 Nb6 23. Nc4 Nxc4 24. Rxc4 d5 25. Rca4 Nc6 26. Ne5 Nxe5 27. Bxe5
Bb4 28. Bc7 h6 29. Bxa5 Bxa5 30. Rxa5 Rab8 31. Rb1 Rb3 32. Ra3 Rb4 33. b3 Rc8
34. Ra4 Rb5 35. b4 Rc4 36. Kf1 g6 37. Rb2 Kg7 38. Ke2 Kf6 39. Kd3 h5 40. h4 e5
41. f3 exd4 42. exd4 Kf5 43. g3 f6 44. Ra5 Rxa5 45. bxa5 Ra4 46. Rb5 Ra3+ 47.
Ke2 Ke6 48. Rb6+ Kf5 49. a6 g5 50. hxg5 fxg5 51. Rd6 Ra2+ 52. Ke1 Ra1+ 53. Kd2
Ra5 54. a7 Rxa7 55. Rxd5+ Kf6 56. f4 gxf4 57. gxf4 Rh7 58. Ke2 h4 59. Kf2 h3 60.
Kg1 h2+ 61. Kh1 Rh4 62. Rd8 Ke7 63. Rd5 Rxf4 64. Kxh2 Ke6 65. Rd8 Ke7 66. Kg3
Kxd8 67. Kxf4 Kd7 68. Ke5 Ke7 69. Kd5 Kd7 70. Kc5 Kc7 71. d5 Kd7 72. d6 Kd8 73.
Kc6 Kc8 74. d7+ Kd8 75. Kd6 1/2-1/2

[Event "PRO League Group Stage"]
[Site "chess.com INT"]
[Date "2018.02.24"]
[Round "7"]
[White "Summerscale, Aaron P"]
[Black "Rosenthal, Nicholas"]
[Result "1-0"]
[WhiteTitle "GM"]
[WhiteElo "2395"]
[BlackElo "2169"]
[WhiteTeam "London Towers"]
[BlackTeam "Miami Champions"]
[WhiteFideId "400980"]
[BlackFideId "2045150"]
[EventDate "2018.01.18"]

1. d4 e6 2. Nf3 d5 3. Bf4 c6 4. e3 Nf6 5. Nbd2 Nbd7 6. Bd3 Be7 7. c3 b6 8. Qe2
Bb7 9. Ne5 c5 10. O-O O-O 11. a4 c4 12. Bc2 a6 13. e4 b5 14. exd5 Bxd5 15. b3
cxb3 16. Bxb3 Bxb3 17. Nxb3 Nd5 18. Bd2 Nxe5 19. Qxe5 Bd6 20. Qh5 Qc7 21. Rfc1
Rfc8 22. g3 Qc4 23. Qd1 h6 24. Be1 Rab8 25. axb5 axb5 26. Na5 Qc7 27. Qd3 Be7
28. Nb3 Qd7 29. Ra5 Bd8 30. Ra6 Be7 31. Ra5 Bd8 32. Ra6 Be7 33. Rca1 Rc7 34. Ra8
Rbc8 35. R1a5 Bf8 36. Rxc8 Qxc8 37. Qxb5 Nxc3 38. Bxc3 Rxc3 39. Nc5 Qd8 40. Ra4
Bxc5 41. dxc5 Rc1+ 42. Kg2 Qd5+ 43. Kh3 Rxc5 44. Qe8+ Kh7 45. Qxf7 Rc2 46. Rg4
Rc7 47. Qxc7 Qh5+ 48. Rh4 Qf5+ 49. Kg2 Qd5+ 50. f3 Qd2+ 51. Kh3 Qd3 52. Qc4 Qf1+
53. Qxf1 1-0

[Event "PRO League Group Stage"]
[Site "chess.com INT"]
[Date "2018.02.24"]
[Round "7"]
[White "Summerscale, Aaron P"]
[Black "Banawa, Joel"]
[Result "1-0"]
[WhiteTitle "GM"]
[BlackTitle "IM"]
[WhiteElo "2395"]
[BlackElo "2397"]
[WhiteTeam "London Towers"]
[BlackTeam "Las Vegas Desert Rats"]
[WhiteFideId "400980"]
[BlackFideId "2024055"]
[EventDate "2018.01.18"]

1. d4 Nf6 2. Nf3 e6 3. Bf4 c5 4. e3 Nc6 5. c3 d5 6. Nbd2 cxd4 7. exd4 Nh5 8. Be3
Bd6 9. Ne5 g6 10. f4 f6 11. Nd3 Qc7 12. Qf3 Ng7 13. Be2 O-O 14. O-O Bd7 15. Bf2
Rae8 16. Rfc1 e5 17. dxe5 fxe5 18. Qxd5+ Be6 19. Qb5 exf4 20. Nc5 Bc8 21. Nde4
Be5 22. Bf3 h6 23. Nd3 g5 24. Nxe5 Nxe5 25. Re1 Nxf3+ 26. gxf3 b6 27. Bd4 Rxe4
28. Rxe4 Bb7 29. Rae1 Bxe4 30. Rxe4 g4 31. fxg4 f3 32. Qe5 f2+ 33. Bxf2 Qf7 34.
Re2 Re8 35. Qb5 Rc8 36. Qe5 Re8 37. Qb5 Rc8 38. Qe5 Qxa2 39. Bd4 Qf7 40. Qxg7+
Qxg7 41. Bxg7 Kxg7 42. Re7+ Kg6 43. Rxa7 Rc5 44. Rb7 Rb5 45. b4 h5 46. gxh5+
Kxh5 47. Kg2 Rg5+ 48. Kf3 Rg6 49. Ke4 Rc6 50. Kd4 Kg5 51. c4 Kf5 52. c5 bxc5+
53. bxc5 Rc8 54. Kd5 Rd8+ 55. Kc6 Rd2 56. Re7 Kf6 57. Re1 Rxh2 58. Kb6 Rb2+ 59.
Kc7 Rc2 60. c6 Kf7 61. Kb7 Rb2+ 62. Kc8 Rc2 63. c7 Kf8 64. Re4 Kf7 65. Kb7 Rb2+
66. Kc6 Rc2+ 67. Kb6 1-0